Statistics for South Africa squad RWC2019

Click here to take the quiz!

General Stats

  • This quiz has been taken 9 times
  • The average score is 14 of 33

Answer Stats

HintAnswerClub% Correct
WingerCheslin KolbeToulouse 🇫🇷
86%
Loose forward (c)Siya KolisiStormers
86%
Scrum-halfFaf de KlerkSale Sharks 🏴󠁧󠁢󠁥󠁮󠁧󠁿
71%
HookerBongi MbonambiStormers
57%
Fly-halfHandré PollardBulls
57%
CentreLukhanyo AmSharks
57%
HookerMalcolm MarxLions
57%
Loose forwardPieter-Steph du ToitStormers
57%
PropThomas du ToitSharks
57%
Scrum-halfCobus ReinachMontpellier 🇫🇷
43%
CentreDamian de AllendeMunster 🇮🇪
43%
Number 8Duane VermeulenKubota Spears 🇯🇵
43%
LockEben EtzebethToulon 🇫🇷
43%
CentreFrancois SteynMontpellier 🇫🇷
43%
LockFranco MostertHonda Heat 🇯🇵
43%
PropFrans MalherbeStormers
43%
WingerMakazole MapimpiSharks
43%
LockRG SnymanMunster 🇮🇪
43%
FullbackWillie le RouxToyota Verblitz 🇯🇵
43%
Fly-halfDamian WillemseStormers
29%
Fly-halfElton JantjiesLions
29%
Loose forwardFrancois LouwBath 🏴󠁧󠁢󠁥󠁮󠁧󠁿
29%
Scrum-halfHerschel JantjiesStormers
29%
CentreJesse KrielCanon Eagles 🇯🇵
29%
Loose forwardKwagga SmithLions
29%
LockLood de JagerBulls
29%
WingerS'busiso NkosiSharks
29%
HookerSchalk BritsBulls
29%
PropSteven KitshoffStormers
29%
PropTendai MtawariraSharks
29%
PropTrevor NyakaneBulls
14%
PropVincent KochSaracens 🏴󠁧󠁢󠁥󠁮󠁧󠁿
14%
FullbackWarrick GelantStormers
14%

Score Distribution

Percentile by Number Answered

Percent of People with Each Score

Your Score History

You have not taken this quiz